Introduction to artificial intelligence (Record no. 187513)

MARC details
000 -LEADER
fixed length control field 00445nam a2200157Ia 4500
005 - DATE AND TIME OF LATEST TRANSACTION
control field 20250131161334.0
008 - FIXED-LENGTH DATA ELEMENTS--GENERAL INFORMATION
fixed length control field 231217s9999 xx 000 0 und d
020 ## - INTERNATIONAL STANDARD BOOK NUMBER
International Standard Book Number 9788131703069
082 ## - DEWEY DECIMAL CLASSIFICATION NUMBER
Classification number 001.535 CHA;14
100 ## - MAIN ENTRY--PERSONAL NAME
Personal name Charniak, Eugene. McDermott, Drew.
245 #0 - TITLE STATEMENT
Title Introduction to artificial intelligence
260 ## - PUBLICATION, DISTRIBUTION, ETC. (IMPRINT)
Date of publication, distribution, etc. 1985
Name of publisher, distributor, etc. Dorling Kindersley
Place of publication, distribution, etc. New Delhi
300 ## - PHYSICAL DESCRIPTION
Extent xvii, 701
650 ## - SUBJECT ADDED ENTRY--TOPICAL TERM
Topical term or geographic name as entry element artificial,intelligence
942 ## - ADDED ENTRY ELEMENTS (KOHA)
Koha item type Books
Holdings
Date last seen Total Checkouts Full call number Accession number Old discount Cost, replacement price Price effective from Category Lost status Damaged status Department Withdrawn status bill no. bill date Permanent Location Current Location Shelving location Entry date Vendor Cost, normal purchase price Grants Currency symbol Conversion rate Discount Discount type
26/01/2024   001.535 CHA;14 68100 28 342.00 26/01/2024 Books     Central Library   60083 25/02/2014 Central Library Central Library Central Library 30/07/2010 Book Paradise 475.00 TC RS 1 133 Rupees
26/01/2024   001.535 CHA;15 68339 28 359.28 26/01/2024 Books     Central Library   60083 25/02/2014 Central Library Central Library Central Library 30/07/2010 Book Paradise 499.00 MCA RS 1 139.72 Rupees
26/01/2024   001.535 CHA;16 68340 28 359.28 26/01/2024 Books     Central Library   60083 25/02/2014 Central Library Central Library Central Library 30/07/2010 Book Paradise 499.00 MCA RS 1 139.72 Rupees
26/01/2024   001.535 CHA;17 68341 28 359.28 26/01/2024 Books     Central Library   60083 25/02/2014 Central Library Central Library Central Library 30/07/2010 Book Paradise 499.00 MCA RS 1 139.72 Rupees
26/01/2024   001.535 CHA;18 69221 28 359.28 26/01/2024 Books     Central Library   60020 25/02/2014 Central Library Central Library Central Library 27/08/2010 Book Paradise 499.00 CS RS 1 139.72 Rupees

© For any Suggestions or Query, please contact the library staff @ librarian@pes.edu or Phone: +9180 2672 1983/ 2108.